Statistiques concernant Liste des 23 - Equipe de France - Coupe du monde 2018

Cliquez ici pour prendre le quiz!

Statistiques générales

  • Ce quiz a été pris 158 fois
    (127 depuis la dernière actualisation)
  • Le résultat moyen est 20 sur 23

Statistiques - réponses

Poste Numéro Joueurs Club % Correct
G1Hugo LlorisTottenham Hotspur
97%
A7Antoine GriezmannAtlético Madrid
97%
D4Raphaël VaraneReal Madrid
95%
A10Kylian M'BappéParis Saint-Germain
95%
A9Olivier GiroudChelsea FC
94%
M6Paul PogbaManchester United
93%
G16Steve MandandaOlympique de Marseille
92%
D5Samuel UmtitiFC Barcelone
90%
D2Benjamin PavardVfB Stuttgart
90%
M13N'Golo KantéChelsea FC
90%
M14Blaise MatuidiJuventus Turin
89%
D17Adil RamiOlympique de Marseille
88%
G23Alphonse AreolaParis Saint-Germain
87%
A11Ousmane DembéléFC Barcelone
87%
A20Florian ThauvinOlympique de Marseille
85%
D21Lucas HernandezAtlético Madrid
84%
A18Nabil FékirOlympique lyonnais
82%
D22Benjamin MendyManchester City
80%
M12Corentin TolissoBayern Munich
80%
M15Steven N'ZonziSéville FC
80%
D3Presnel KimpembeParis Saint-Germain
77%
D19Djibril SidibéAS Monaco
77%
A8Thomas LemarAS Monaco
71%

Distribution des résultats

Percentile par nombre de réponses

% des personnes avec chaque résultat

Votre développement - résultats

Vous n’avez pas pris ce quiz depuis la dernière actualisation